000 01057cab a2200217 4500
001 ##L136606
008 070212n2007 000 0 eng u
035 _a(Sirsi) u136606
041 0 _aeng
110 2 _aCommission for Architecture and the Built Environment
_94058
245 0 0 _aCABE launches Europan 9 UK
_h[electronic resource]
260 _c2007
490 0 _aCABE Press Release
_v6 February 2007
520 _aThe theme of Europe's biennial housing competition is sustainable cities and new public spaces. The three UK sites allocated for new housing designed by competition winners are: a waterside regeneration site in Stoke-on-Trent; a hilltop site in central Sheffield; and a greenfield site in Milton Keynes' western expansion area. The deadline for registrations is 31 May 2007.
590 _aKA
650 2 4 _aEUROPAN NINE
651 4 _aEUROPE
690 _aPROPERTY-RESIDENTIAL PROPERTY-RESIDENTIAL PROPERTY DEVELOPMEMT
856 4 0 _uhttps://www.cabe.org.uk/default.aspx?contentitemid=1740
_zView the www.cabe.org.uk...
942 _n0
999 _c78367
_d78367